00723nam a2200217Ia 4500008004100000020001500041041000800056082001900064100002600083245004300109260002600152300000800178365001300186650003500199650005300234650005900287700001700346942001200363999001900375952011100394140306s9999 xx 000 0 und d a0275989895 aeng a338.04bMAR/EN aHabbershon, Timothy G aEntrepreneurship: The Engine of Growth aLondonbPraegerc2007 a332 bRs.850/- aEntrepreneurship as organizing aFinancing the high growth Entreprenurial Venture aPublic policy and enhancing Entrepreneurial Capitalism aRice, Mark P 2ddccBK c187276d187276 00102ddc4070aKAUCBVbKAUCBVd2010-06-08g850.00l0o338.04 MAR/ENr2014-03-22 00:00:00w2014-03-22yBK